00688 2200205 4500001002100000005001500021035002000036007000300056008003900059082001600098084002200114100001800136245020200154260002800356300004100384650001100425600001800436600001500454022001300469INLIS00000000000145820250731095856 a0010-0725000050ta250731 | | |  a631.8-635.4 a631.8-635.4 ZHA e0 aZhang, Yixing1 aEffects of the Application of Organic Fertilizers on the Yield, Quality, and Soil Properties of Open-Field Chinese Cabbage (Brassica rapa spp. pekinensis) in China: A Meta-Analysis /cZhang, Yixing aBasel :bMDPI AG,c2024 a1-16 hlm, :bIlus ;c21 cm x 29,7 cm 4aJurnal 4aPupuk Organik 4aSawi Putih a20734395